Tomorrow's chemistry today:concepts in nanoscience, organic materials and environmental chemistry (Record no. 1212729)

MARC details
000 -LEADER
fixed length control field 01064nam a2200301Ia 4500
003 - CONTROL NUMBER IDENTIFIER
control field OSt
005 - DATE AND TIME OF LATEST TRANSACTION
control field 20221007123949.0
008 - FIXED-LENGTH DATA ELEMENTS--GENERAL INFORMATION
fixed length control field 221006b |||||||| |||| 00| 0 eng d
020 ## - INTERNATIONAL STANDARD BOOK NUMBER
International Standard Book Number 9783527319183 (hbd)
037 ## - SOURCE OF ACQUISITION
Terms of availability Textbook
040 ## - CATALOGING SOURCE
Original cataloging agency CDL
Transcribing agency CDL
Language of cataloging eng
041 ## - LANGUAGE CODE
Source of code eng
Language code of text/sound track or separate title eng
100 ## - MAIN ENTRY--PERSONAL NAME
Personal name Pignataro Bruno Ed.
9 (RLIN) 718232
245 #0 - TITLE STATEMENT
Title Tomorrow's chemistry today:concepts in nanoscience, organic materials and environmental chemistry
260 ## - PUBLICATION, DISTRIBUTION, ETC.
Place of publication, distribution, etc. Weinheim
Name of publisher, distributor, etc. Wiley-VCH
Date of publication, distribution, etc. 2008
300 ## - PHYSICAL DESCRIPTION
Extent xxviii, 465p.
Dimensions cm.
500 ## - GENERAL NOTE
General note Includes bibliographical references.; Index 455-465p.
650 ## - SUBJECT ADDED ENTRY--TOPICAL TERM
Topical term or geographic name entry element Environmental chemistry
9 (RLIN) 716804
650 ## - SUBJECT ADDED ENTRY--TOPICAL TERM
Topical term or geographic name entry element Nanoscience
9 (RLIN) 642646
650 ## - SUBJECT ADDED ENTRY--TOPICAL TERM
Topical term or geographic name entry element Organic materials
9 (RLIN) 718233
650 ## - SUBJECT ADDED ENTRY--TOPICAL TERM
Topical term or geographic name entry element Chemistry
942 ## - ADDED ENTRY ELEMENTS (KOHA)
Classification part E:(G:55), P8 Carc
Koha item type Textbook
Source of classification or shelving scheme Colon Classification (CC)
Holdings
Withdrawn status Lost status Source of classification or shelving scheme Damaged status Not for loan Home library Current library Date acquired Source of acquisition Total Checkouts Full call number Barcode Date last seen Price effective from Koha item type
    Colon Classification (CC)     Department of Chemistry Library Department of Chemistry Library 2022-10-07 1178, 14/01/2009, Educational Book Agency (India)   E:(G:55) P8 Carc CD0007686 2022-10-07 2022-10-07 Textbook
Copyright @ Delhi University Library System